000
00254nam a2200097Ia 4500
001
720630
005
20250826163237.0
008
250824s9999 xx 000 0 und d
245
0
_a
DEDİĞİ SULTAN VE MENAKIBI
_c
AHMET TAŞĞIN
260
_b
ÇİZGİ YAYINLARI
999
_c
720630
_d
720630